[Event "Int SVK-ch Open 2020"]
[Site "Drienica"]
[Date "2020.08.13"]
[Round "6.6"]
[White "Frink, Ferenc"]
[Black "Mrvova, Alena"]
[Result "0-1"]
[WhiteElo "2075"]
[BlackElo "2188"]
[Annotator "ChessBase"]
[PlyCount "142"]
[EventDate "2020.08.07"]
[EventType "swiss"]
[EventCountry "SVK"]
[TimeControl "40/5400+30:1800+30"]

1. e4 {[%emt 0:00:00]} c5 {[%emt 0:01:29]} 2. b3 {[%emt 0:06:47]} b6 {[%emt 0:01:47]} 3. Bb2 {[%emt 0:00:54]} Bb7 {[%emt 0:00:07]} 4. d3 {[%emt 0:00:41]} d5 {[%emt 0:01:54]} 5. Nd2 {[%emt 0:00:24]} d4 {[%emt 0:01:53]} 6. Be2 {[%emt 0:02:34]} e5 {[%emt 0:00:36]} 7. Nh3 {[%emt 0:01:35]} Ne7 {[%emt 0:05:28]} 8. O-O {[%emt 0:04:35]} Ng6 {[%emt 0:00:25]} 9. Bg4 {[%emt 0:07:00]} Bd6 {[%emt 0:01:57]} 10. Bf5 {[%emt 0:00:30]} Nc6 {[%emt 0:01:42]} 11. Qh5 {[%emt 0:03:04]} Qf6 {[%emt 0:04:10]} 12. g3 {[%emt 0:12:49]} h6 {[%emt 0:03:42]} 13. Rae1 {[%emt 0:06:30]} Nge7 {[%emt 0:02:42]} 14. Qg4 {[%emt 0:02:16]} g6 {[%emt 0:03:04]} 15. Bd7+ {[%emt 0:00:48]} Kd8 {[%emt 0:00:04]} 16. Bxc6 {[%emt 0:07:11]} Nxc6 {[%emt 0:00:57]} 17. Qe2 {[%emt 0:01:17]} g5 {[%emt 0:00:25]} 18. Nc4 {[%emt 0:02:45]} Bc7 {[%emt 0:00:29]} 19. Qh5 {[%emt 0:02:46]} b5 {[%emt 0:01:13]} 20. Nd2 {[%emt 0:01:57]} Rg8 {[%emt 0:00:13]} 21. f3 {[%emt 0:00:32]} Ba5 {[%emt 0:00:50]} 22. Re2 {[%emt 0:02:20]} Nb4 {[%emt 0:00:29]} 23. Ba3 {[%emt 0:02:02]} Nxc2 {[%emt 0:00:54]} 24. Bxc5 {[%emt 0:00:15]} Ne3 {[%emt 0:00:07]} 25. Rxe3 {[%emt 0:03:35]} dxe3 {[%emt 0:00:14]} 26. Bxe3 {[%emt 0:00:08]} Bb6 {[%emt 0:00:10]} 27. Re1 {[%emt 0:03:08]} Rc8 {[%emt 0:01:47]} 28. Nf2 {[%emt 0:02:39]} Rg6 {[%emt 0:01:24]} 29. h4 {[%emt 0:08:15]} Bxe3 {[%emt 0:00:50]} 30. Rxe3 {[%emt 0:00:09]} Rc1+ {[%emt 0:00:30]} 31. Nf1 {[%emt 0:01:44]} gxh4 {[%emt 0:00:17]} 32. Ng4 {[%emt 0:00:13]} Qe7 {[%emt 0:02:42]} 33. d4 {[%emt 0:03:57]} exd4 {[%emt 0:02:18]} 34. Rd3 {[%emt 0:00:07]} Qg5 {[%emt 0:00:42]} 35. Rxd4+ {[%emt 0:00:57]} Ke8 {[%emt 0:00:10]} 36. Qxg5 {[%emt 0:00:49]} hxg5 {[%emt 0:00:07]} 37. Kg2 {[%emt 0:03:08]} Rc2+ {[%emt 0:00:49]} 38. Kh3 {[%emt 0:00:13]} Bc8 {[%emt 0:01:38]} 39. Nfe3 {[%emt 0:01:45]} Rxa2 {[%emt 0:00:54]} 40. gxh4 {[%emt 0:00:11]} Rh6 {[%emt 0:01:35]} 41. h5 {[%emt 0:30:47]} Rxh5+ {[%emt 0:30:30]} 42. Kg3 {[%emt 0:00:30]} Bxg4 {[%emt 0:01:14]} 43. Kxg4 {[%emt 0:00:00]} Rh1 {[%emt 0:01:41]} 44. Kxg5 {[%emt 0:00:02]} Ra6 {[%emt 0:00:13]} 45. Nd5 {[%emt 0:00:36]} Rg6+ {[%emt 0:00:10]} 46. Kf5 {[%emt 0:00:12]} Rh5+ {[%emt 0:01:52]} 47. Kf4 {[%emt 0:00:11]} Kf8 {[%emt 0:01:41]} 48. Ne3 {[%emt 0:00:36]} Rh4+ {[%emt 0:00:58]} 49. Ke5 {[%emt 0:01:04]} Re6+ {[%emt 0:00:08]} 50. Kf5 {[%emt 0:00:11]} Rhh6 {[%emt 0:01:06]} 51. Rd8+ {[%emt 0:01:10]} Ke7 {[%emt 0:00:50]} 52. Ra8 {[%emt 0:00:04]} Rhf6+ {[%emt 0:02:04]} 53. Kg4 {[%emt 0:00:22]} Rg6+ {[%emt 0:00:04]} 54. Kf4 {[%emt 0:00:13]} Ra6 {[%emt 0:01:57]} 55. Nf5+ {[%emt 0:01:21]} Kd7 {[%emt 0:00:07]} 56. Rf8 {[%emt 0:00:11]} f6 {[%emt 0:00:59]} 57. Rf7+ {[%emt 0:00:11]} Kd8 {[%emt 0:00:09]} 58. Rb7 {[%emt 0:00:07]} Rg1 {[%emt 0:01:01]} 59. Rxb5 {[%emt 0:00:22]} Rb6 {[%emt 0:00:12]} 60. Rd5+ {[%emt 0:00:16]} Kc7 {[%emt 0:00:20]} 61. Nd4 {[%emt 0:00:27]} a6 {[%emt 0:00:37]} 62. Kf5 {[%emt 0:00:15]} Rg5+ {[%emt 0:01:12]} 63. Kf4 {[%emt 0:00:10]} Rxd5 {[%emt 0:00:24]} 64. exd5 {[%emt 0:00:01]} Kd6 {[%emt 0:00:14]} 65. Ke4 {[%emt 0:01:55]} Rb4 {[%emt 0:00:06]} 66. Ke3 {[%emt 0:02:45]} Kxd5 {[%emt 0:00:10]} 67. Nf5 {[%emt 0:00:06]} Ke5 {[%emt 0:00:17]} 68. Ne7 {[%emt 0:00:06]} Rxb3+ {[%emt 0:00:05]} 69. Ke2 {[%emt 0:00:07]} Rc3 {[%emt 0:00:20]} 70. Ng6+ {[%emt 0:00:12]} Kd4 {[%emt 0:00:14]} 71. Ne7 {[%emt 0:00:31]} Re3+ {[%emt 0:00:24]} 0-1

[Event "Int SVK-ch Open 2020"]
[Site "Drienica"]
[Date "2020.08.13"]
[Round "6.7"]
[White "Hros, Roman"]
[Black "Brhel, Jan"]
[Result "1-0"]
[WhiteElo "2199"]
[BlackElo "2042"]
[Annotator "ChessBase"]
[PlyCount "123"]
[EventDate "2020.08.07"]
[EventType "swiss"]
[EventCountry "SVK"]
[TimeControl "40/5400+30:1800+30"]

1. e4 {[%emt 0:00:00]} e5 {[%emt 0:02:06]} 2. Nf3 {[%emt 0:01:01]} Nc6 {[%emt 0:00:37]} 3. Bb5 {[%emt 0:00:12]} a6 {[%emt 0:01:05]} 4. Bxc6 {[%emt 0:00:19]} dxc6 {[%emt 0:00:23]} 5. d4 {[%emt 0:00:01]} exd4 {[%emt 0:00:36]} 6. Qxd4 {[%emt 0:00:01]} Qxd4 {[%emt 0:00:42]} 7. Nxd4 {[%emt 0:00:02]} Bd7 {[%emt 0:06:38]} 8. Nc3 {[%emt 0:02:45]} Bb4 {[%emt 0:02:56]} 9. Nde2 {[%emt 0:02:25]} Ne7 {[%emt 0:01:52]} 10. Be3 {[%emt 0:11:59]} c5 {[%emt 0:05:33]} 11. a3 {[%emt 0:01:47]} Bxc3+ {[%emt 0:00:11]} 12. Nxc3 {[%emt 0:00:10]} b6 {[%emt 0:00:07]} 13. Rd1 {[%emt 0:07:52]} O-O-O {[%emt 0:01:24]} 14. f3 {[%emt 0:02:31]} Be6 {[%emt 0:03:09]} 15. Kf2 {[%emt 0:01:13]} Rd6 {[%emt 0:03:25]} 16. Bf4 {[%emt 0:03:55]} Rxd1 {[%emt 0:01:57]} 17. Rxd1 {[%emt 0:00:13]} Rd8 {[%emt 0:07:33]} 18. Rxd8+ {[%emt 0:01:28]} Kxd8 {[%emt 0:00:08]} 19. g4 {[%emt 0:02:48]} Nc6 {[%emt 0:08:07]} 20. Ne2 {[%emt 0:07:06]} g6 {[%emt 0:21:45]} 21. Be3 {[%emt 0:13:03]} Ne5 {[%emt 0:01:50]} 22. h3 {[%emt 0:02:09]} Nc4 {[%emt 0:04:38]} 23. Bc1 {[%emt 0:00:08]} f6 {[%emt 0:02:09]} 24. h4 {[%emt 0:09:20]} Nd6 {[%emt 0:07:06]} 25. Kg3 {[%emt 0:03:09]} Ke7 {[%emt 0:02:17]} 26. Bf4 {[%emt 0:05:50]} Bc4 {[%emt 0:00:50]} 27. Nc3 {[%emt 0:01:04]} Ke6 {[%emt 0:04:13]} 28. b3 {[%emt 0:03:11]} Nb5 {[%emt 0:05:18]} 29. Nxb5 {[%emt 0:01:37]} Bxb5 {[%emt 0:00:07]} 30. Bxc7 {[%emt 0:00:13]} c4 {[%emt 0:03:27]} 31. bxc4 {[%emt 0:00:39]} Bxc4 {[%emt 0:01:00]} 32. Bxb6 {[%emt 0:00:02]} Be2 {[%emt 0:01:01]} 33. Kf4 {[%emt 0:04:58]} h6 {[%emt 0:00:49]} 34. h5 {[%emt 0:01:27]} Bb5 {[%emt 0:01:03]} 35. hxg6 {[%emt 0:07:56]} Be8 {[%emt 0:00:02]} 36. Ke3 {[%emt 0:00:23]} Bxg6 {[%emt 0:00:13]} 37. f4 {[%emt 0:01:38]} Be8 {[%emt 0:01:11]} 38. f5+ {[%emt 0:02:29]} Ke7 {[%emt 0:00:58]} 39. Bc5+ {[%emt 0:00:19]} Kf7 {[%emt 0:00:33]} 40. Kd3 {[%emt 0:01:21]} Ba4 {[%emt 0:00:29]} 41. Be3 {[%emt 0:30:10]} Kg7 {[%emt 0:30:31]} 42. c4 {[%emt 0:00:52]} Bd1 {[%emt 0:00:00]} 43. c5 {[%emt 0:00:00]} Kf7 {[%emt 0:00:00]} 44. Bxh6 {[%emt 0:00:00]} Bxg4 {[%emt 0:00:00]} 45. Kd4 {[%emt 0:00:00]} Ke7 {[%emt 0:00:00]} 46. Bf4 {[%emt 0:00:00]} Bd1 {[%emt 0:00:00]} 47. c6 {[%emt 0:00:00]} Bc2 {[%emt 0:00:00]} 48. c7 {[%emt 0:00:06]} Kd7 {[%emt 0:00:00]} 49. Bd6 {[%emt 0:00:32]} Bb1 {[%emt 0:00:00]} 50. Ke3 {[%emt 0:00:33]} a5 {[%emt 0:00:00]} 51. Kf4 {[%emt 0:00:30]} Bd3 {[%emt 0:00:00]} 52. e5 {[%emt 0:00:52]} Ba6 {[%emt 0:00:00]} 53. Ke4 {[%emt 0:01:09]} Kc6 {[%emt 0:00:45]} 54. Kf4 {[%emt 0:01:56]} Kd7 {[%emt 0:02:41]} 55. exf6 {[%emt 0:00:48]} Ke8 {[%emt 0:03:24]} 56. Ke4 {[%emt 0:00:55]} Kf7 {[%emt 0:00:38]} 57. Be5 {[%emt 0:00:14]} Bc8 {[%emt 0:00:27]} 58. Kd5 {[%emt 0:00:12]} Bxf5 {[%emt 0:00:21]} 59. Kc6 {[%emt 0:00:13]} Bc8 {[%emt 0:00:42]} 60. Kb6 {[%emt 0:00:04]} a4 {[%emt 0:00:03]} 61. Ka7 {[%emt 0:00:10]} Ke6 {[%emt 0:00:55]} 62. Kb8 {[%emt 0:00:04]} 1-0

[Event "Int SVK-ch Open 2020"]
[Site "Drienica"]
[Date "2020.08.12"]
[Round "6.7"]
[White "Kucera, Michal"]
[Black "Harvan, Tomas"]
[Result "1-0"]
[WhiteElo "1991"]
[BlackElo "1794"]
[Annotator "TA"]
[PlyCount "127"]
[EventDate "2020.08.07"]
[EventType "swiss"]
[EventCountry "SVK"]
[SourceTitle "playchess.com"]
[Source "ChessBase"]
[SourceQuality "1"]

{[%evp 15,127,-2,4,-32,3,-18,-13,-22,-25,-22,-16,-29,-23,-33,-25,-27,-5,-5,0,-164,-160,-160,-162,-177,-156,-151,-158,-147,-112,-83,0,-160,-109,-128,-84,-83,-80,-81,-60,-77,-72,-112,-66,-97,-97,-122,-108,-130,-119,-226,-6,-13,0,-24,18,11,48,0,0,0,0,-15,0,0,0,-2,0,0,0,-8,-8,-35,0,0,0,-8,0,0,0,0,0,0,0,0,0,0,8,8,22,0,2012,1705,1304,1668,1602,1545,1382,1498,1340,977,1175,689,29984,29985,29985,29986,29986,29987,29987,29988,29988,29989,29992,29993]} 1. e4 c6 2. d4 d5 3. Nd2 dxe4 4. Nxe4 Bf5 5. Ng3 Bg6 6. Nf3 Nf6 7. Ne5 Nbd7 8. Nxg6 hxg6 9. Bg5 {B18: Classical Caro-Kann: 4...Bf5 sidelines.} Qc7 10. Qd2 e6 11. Bf4 {The position is equal.} Bd6 12. Bxd6 $1 Qxd6 13. O-O-O O-O-O {[#]} 14. Bc4 $146 ({Predecessor:} 14. Qa5 Kb8 15. Kb1 c5 16. Rd3 cxd4 17. Qd2 Nc5 18. Ra3 Nce4 19. Nxe4 Nxe4 20. Qa5 {1-0 (62) Berka,L (1862)-Holy,F (1579) Plzen 2012}) 14... Nb6 15. Bb3 $1 Rh4 {[%cal Rh4d4]} 16. c3 Nbd5 $36 {[%mdl 2048] Black is pushing.} 17. Bxd5 $2 (17. f3 $11 {and White is okay.}) 17... Qxd5 $19 {[%mdl 64] Double Attack} ({Inferior is} 17... cxd5 18. h3 $11) 18. f3 Qxa2 19. Qf2 Nd5 20. Kc2 Qa4+ 21. Kc1 Qa1+ 22. Kc2 Qa4+ (22... Qa6 $142 23. Ne4 Qa4+ 24. Kd2 Rh5) 23. Kc1 $1 $17 Rhh8 (23... Nb6 $142 {And now ...Nc4 would win.} 24. Ne4 Rh5) 24. Ne4 Nf6 25. Nc5 Qa5 26. Kc2 {White wants to play Ra1.} Qc7 27. Ra1 a6 28. h3 Nd7 29. Nd3 Rh5 30. f4 c5 $1 31. dxc5 Nxc5 32. Ne5 {[#]} (32. Nxc5 $17 Rxc5 33. Rhd1) 32... Ne4 $2 (32... Rf5 $1 $19 {White must now prevent ...Qxe5!} 33. Rhe1 g5 {[%mdl 64] Decoy}) 33. Qe3 $11 Nd6 34. Rhd1 Rhh8 35. Qa7 Rhf8 36. Qa8+ (36. Ra4 {is interesting.} Qb8 37. Qe3 Qc7 38. Rxd6 Rxd6 39. Rc4) 36... Qb8 37. Qxb8+ Kxb8 38. Rd2 Kc7 39. Rad1 Nf5 {Hoping for ...Ne3+.} 40. Rd7+ Kc8 {Strongly threatening ...Ne3+.} 41. Rxd8+ Rxd8 42. Rxd8+ Kxd8 {[%mdl 4096] Endgame KN-KN} 43. g4 Nd6 44. Kd3 Ke7 45. Kd4 Kd8 46. c4 b6 47. b4 Kc7 48. c5 bxc5+ 49. bxc5 Nb5+ 50. Kc4 f6 51. Nxg6 {Nf8 is the strong threat.} Kc6 52. g5 fxg5 $2 {[%mdl 8192]} (52... Na3+ $11 53. Kb3 Nb5) 53. Ne5+ $18 Kb7 54. fxg5 Nc7 55. h4 Nd5 56. h5 Ne3+ 57. Kd3 Nf5 58. Nf3 Kc6 59. Nd4+ {[%mdl 64] Double Attack. White mates.} Kxc5 {[#]} 60. Nxf5 $1 exf5 61. h6 gxh6 62. gxh6 a5 63. h7 Kb4 64. h8=Q {What a fight! Accuracy: White = 82%, Black = 68%.} 1-0

[Event "Int SVK-ch Open 2020"]
[Site "Drienica"]
[Date "2020.08.13"]
[Round "6.8"]
[White "Kolesar, Milan"]
[Black "Svobodova, Michaela"]
[Result "1-0"]
[WhiteElo "2186"]
[BlackElo "1964"]
[Annotator "TA"]
[PlyCount "69"]
[EventDate "2020.08.07"]
[EventType "swiss"]
[EventCountry "SVK"]

{[%evp 16,69,18,18,18,18,15,20,19,21,20,24,21,0,6,6,7,-12,60,23,26,27,26,18,64,69,56,31,36,41,48,24,33,12,45,8,41,0,57,-45,0,-43,0,-3,0,0,0,0,161,167,1338,1331,1310,1305,1243,1104]} 1. Nf3 d5 2. d4 Nf6 3. c4 c6 4. cxd5 cxd5 5. Nc3 Nc6 6. Bf4 a6 7. Ne5 e6 8. e3 Nxe5 9. Bxe5 Bd6 {D13: Slav Defence: Exchange variation without ...Bf5.} 10. Bd3 Bxe5 11. dxe5 Nd7 {The position is equal.} 12. f4 Qb6 13. Qd2 Nc5 14. Rb1 Nxd3+ 15. Qxd3 Bd7 16. O-O {[#]} O-O-O $146 ({Better is} 16... Bb5 $11 17. Nxb5 axb5) ({Predecessor:} 16... Bb5 17. Nxb5 axb5 18. a3 O-O 19. Rfc1 Rfc8 20. Rc3 Rc4 21. Rbc1 g6 22. Kh1 Rd8 {0-1 (43) Hamrakulova,Y (2009)-Baymuratova,S (2119) Tashkent 2019}) 17. Rfc1 Kb8 18. Ne2 Bb5 19. Qb3 {[#] Black must now prevent a4.} Ka7 20. Nd4 Rc8 21. Rc3 Rc4 22. Rxc4 dxc4 23. Qb4 Rc8 24. Rc1 Qc5 25. Qd2 g5 26. Qf2 Bc6 (26... gxf4 $11 27. exf4 (27. Qxf4 Qb4 $11) (27. Nxb5+ axb5 28. exf4 Kb6 $15) 27... Kb8) 27. b3 (27. fxg5 $14 Be8 28. Qf4) 27... b5 (27... c3 $5 {[%cal Rc6e4]} 28. Qc2 Qa3 29. Nxc6+ Rxc6 $11) 28. a4 Qa3 29. Qd2 ({But not} 29. Nxc6+ Rxc6 30. Qd2 c3 $17) (29. Qe1 {feels hotter.} Be4 30. axb5 gxf4 31. exf4 Qb2 32. Ne2) 29... gxf4 30. axb5 ({Much weaker is} 30. bxc4 fxe3 31. Nxc6+ Rxc6 $15) (30. exf4 Bd5) 30... axb5 31. exf4 Kb8 $2 (31... Be8 $11 {and Black is okay.}) 32. bxc4 $18 bxc4 $2 (32... Be8) 33. Nxc6+ {[%mdl 64] [#] Overworked Piece. White is clearly winning.} Rxc6 34. Qd8+ Kb7 35. Rb1+ {Accuracy: White = 66%, Black = 49%.} 1-0

[Event "Int SVK-ch Open 2020"]
[Site "Drienica"]
[Date "2020.08.12"]
[Round "6.8"]
[White "Sedlakova, Ivana"]
[Black "Sevcik, Lubomir"]
[Result "1-0"]
[WhiteElo "1983"]
[BlackElo "1748"]
[Annotator "TA"]
[PlyCount "67"]
[EventDate "2020.08.07"]
[EventType "swiss"]
[EventCountry "SVK"]
[SourceTitle "playchess.com"]
[Source "ChessBase"]
[SourceQuality "1"]

{[%evp 14,67,20,14,56,54,88,10,18,0,0,0,0,-2,-6,-103,-45,-59,-63,-39,0,-14,-2,0,40,0,13,0,0,0,0,0,46,0,41,7,22,0,25,25,75,17,70,76,123,110,211,196,508,507,418,279,714,697,29992,29993]} 1. d4 d5 2. c4 e6 3. Nc3 f5 4. Nf3 Nf6 5. g3 c6 6. Bg2 Bd6 7. O-O O-O 8. Ne5 Bd7 {A90: Dutch Defence: Miscellaneous and Modern Stonewall (with ...Bd6).} 9. Qb3 Qb6 {[#]} 10. Qxb6 $146 (10. Bf4 $16 Be8 11. Nd7 Nbxd7 12. Bxd6) ({Predecessor:} 10. Nxd7 Nbxd7 11. c5 Qxb3 12. axb3 Bc7 13. f4 Kh8 14. b4 a6 15. Ra3 Ne4 16. Nxe4 dxe4 {½-½ (37) Berenstein,A (2121)-Nickel,J (1762) Eckernfoerde 2007}) 10... axb6 $11 {The position is equal.} 11. b3 Be8 12. Bb2 Nbd7 13. Nxd7 Bxd7 14. f3 (14. a4 $11) 14... c5 ({Better is} 14... dxc4 $17 {aiming for ...b5.} 15. bxc4 e5) 15. Nb5 $15 Bxb5 16. cxb5 Be7 17. Rfc1 Rfc8 18. a4 g5 19. e3 g4 20. Kf2 gxf3 21. Bxf3 Kf7 22. Ke2 Rg8 23. Ba3 {[%cal Rd4c5]} Nd7 24. Kd3 Rgc8 25. g4 fxg4 26. Bxg4 Nf6 27. Bf3 (27. Rf1 $16) 27... h5 (27... Bd6 $11) 28. Bb2 $14 Ng4 29. h3 Nf2+ (29... Nf6 $16 {was worth a try.}) 30. Ke2 $18 Nxh3 $2 (30... Ne4 {is tougher.} 31. Bxh5+ Kf8) 31. Bxh5+ Kg7 32. dxc5+ Kh6 $2 (32... Bf6 33. Bxf6+ Kxf6) 33. Bg4 {[%mdl 64] [#] Double Attack} Ng5 34. Rh1+ {Accuracy: White = 57%, Black = 32%.} 1-0

[Event "Int SVK-ch Open 2020"]
[Site "Drienica"]
[Date "2020.08.13"]
[Round "6.9"]
[White "Bochnicka, Vladimir"]
[Black "Durica, Daniel"]
[Result "1-0"]
[WhiteElo "2123"]
[BlackElo "1937"]
[Annotator "TA"]
[PlyCount "61"]
[EventDate "2020.08.07"]
[EventType "swiss"]
[EventCountry "SVK"]

{[%evp 14,61,47,26,53,29,46,41,86,83,70,-3,50,36,70,49,120,114,173,172,201,180,179,181,334,335,333,318,506,503,476,373,773,778,764,748,822,783,1341,690,29990,29991,29991,29992,29994,29992,29997,29998,29998,29999]} 1. e4 g6 2. d4 Bg7 3. Bc4 c6 4. Bb3 d6 5. Nf3 Nf6 6. Qe2 O-O 7. O-O a5 8. a4 b6 {B06: Modern Defence.} 9. Rd1 Ba6 10. Qe1 Qc7 {[#]White is slightly better.} 11. e5 $1 {[%cal Re5f6] [#]} Nd5 $146 ({Predecessor:} 11... dxe5 12. dxe5 Nd5 13. e6 fxe6 14. Ng5 Rf6 15. Nxe6 {1-0 (15) Kramnik,V (2770)-Svidler,P (2727) Dortmund 2004}) 12. Bg5 (12. c4 $14 Nb4 13. Bf4) 12... h6 (12... dxe5 $11 13. dxe5 h6) 13. Bh4 $14 Kh7 14. Bg3 f5 {[#] White stays focused until the end.} (14... Nd7 $14) 15. exf6 $1 $16 Nxf6 (15... Rxf6 $16 16. c4 Nb4) 16. c3 Nh5 17. Nh4 Nxg3 18. hxg3 {Threatens to win with Nxg6!} Nd7 $2 {[#]} (18... Rf6 19. Nd2 d5) 19. Nxg6 $1 $18 {[%mdl 512] And now Qe4 would win.} Rf6 (19... Kxg6 20. Qe4+) 20. Nxe7 Nf8 (20... d5 {is a better defense.} 21. Bc2+ Kh8 22. Ng6+ Kg8) 21. Qe4+ Kh8 22. Re1 ({Less strong is} 22. Nxc6 Bb7 $18) 22... d5 $2 {[#]} (22... Bb7 23. Qh4 d5) 23. Nxd5 $1 Qf7 (23... cxd5 24. Qxd5) 24. Nxf6 Qxb3 25. Nh5 Qxb2 26. Nxg7 Qxa1 27. Nh5 {White mates.} Ra7 28. Qf5 Kg8 29. Re8 {[%csl Gf5][%cal Re8f8]} Rf7 {[#]} 30. Qg6+ $1 {[%mdl 64] Double Attack} Kh8 {[#]} 31. Rxf8+ $1 {Accuracy: White = 81%, Black = 32%.} 1-0

[Event "Int SVK-ch Open 2020"]
[Site "Drienica"]
[Date "2020.08.12"]
[Round "6.9"]
[White "Socko, Weronika"]
[Black "Steiniger, Florian"]
[Result "1/2-1/2"]
[WhiteElo "1741"]
[BlackElo "1889"]
[Annotator "NA RC"]
[PlyCount "84"]
[EventDate "2020.08.07"]
[EventType "swiss"]
[EventCountry "SVK"]
[SourceTitle "playchess.com"]
[Source "ChessBase"]
[SourceQuality "1"]
[TimeControl "40/5400+30:1800+30"]

1. d4 {[%emt 0:00:00]} g6 {[%emt 0:00:00]} 2. Nf3 {[%emt 0:00:10]} Bg7 {[%emt 0:00:00]} 3. c4 {[%emt 0:00:22]} c5 {[%emt 0:00:38]} 4. e3 {[%emt 0:00:51]} cxd4 {[%emt 0:00:31]} 5. Nxd4 {[%emt 0:01:15]} Nc6 {[%emt 0:00:21]} 6. Nc3 {[%emt 0:02:36]} d6 {[%emt 0:01:49]} 7. Be2 {[%emt 0:02:16]} Nh6 {[%emt 0:05:01]} 8. O-O {[%emt 0:07:41]} Nxd4 {[%emt 0:05:25]} 9. exd4 {[%emt 0:00:02]} Nf5 {[%emt 0:00:12]} 10. d5 {[%emt 0:03:42]} O-O {[%emt 0:01:07]} 11. Bd2 {[%emt 0:01:22]} Bd7 {[%emt 0:06:56]} 12. Rc1 {[%emt 0:03:03]} Rc8 {[%emt 0:03:07]} 13. b4 {[%emt 0:06:04]} a6 {[%emt 0:09:29]} 14. Ne4 {[%emt 0:04:04]} Qe8 {[%emt 0:10:08]} 15. Bc3 {[%emt 0:02:05]} Ba4 {[%emt 0:04:20]} 16. Qd3 {[%emt 0:01:30]} Bh6 {[%emt 0:01:12]} (16... Bd7 $16) 17. f4 {[%emt 0:00:51]} Bg7 {[%emt 0:01:38]} 18. Bxg7 {[%emt 0:01:05]} Nxg7 {[%emt 0:00:05]} 19. Qh3 {[%emt 0:03:30]} Bd7 {[%emt 0:00:45]} 20. g4 {[%emt 0:06:24]} h5 {[%emt 0:07:58]} 21. f5 {[%emt 0:02:37]} f6 {[%emt 0:13:03]} 22. Ng3 {[%emt 0:04:27]} hxg4 {[%emt 0:03:42]} 23. Bxg4 {[%emt 0:00:50]} g5 {[%emt 0:00:34]} 24. Rfe1 {[%emt 0:08:26]} Qd8 {[%emt 0:01:16]} 25. Re4 {[%emt 0:11:34]} ({Better is} 25. c5 $16) 25... Be8 {[%emt 0:02:43]} (25... b5 $11) 26. Rce1 {[%emt 0:02:52]} (26. Qh6 $16) 26... Rf7 {[%emt 0:03:49]} (26... Qb6+ $11 27. Kg2 Qxb4) 27. Qh6 {[%emt 0:02:40]} b5 {[%emt 0:05:07]} 28. Qh3 $2 {[%emt 0:10:40]} (28. Bh5 $18 e5 29. fxe6) 28... Rxc4 {[%emt 0:01:09]} ({Of course not} 28... bxc4 $6 29. Qh6 $11) 29. Qf1 {[%emt 0:02:30]} Qb6+ {[%emt 0:02:00]} 30. Kh1 {[%emt 0:00:15]} Qc7 {[%emt 0:00:12]} 31. Bd1 {[%emt 0:01:58]} Rxe4 {[%emt 0:01:19]} 32. Rxe4 {[%emt 0:00:41]} Bd7 {[%emt 0:01:50]} 33. h4 $2 {[%emt 0:01:25]} (33. Bg4 $17 {is a better defense.}) 33... Qc3 {[%emt 0:02:47]} 34. Rg4 {[%emt 0:01:51]} gxh4 {[%emt 0:01:54]} 35. Nh5 {[%emt 0:00:50]} Kf8 {[%emt 0:02:44]} 36. Qg2 {[%emt 0:02:34]} Qe1+ {[%emt 0:00:11]} ({Worse is} 36... Bxf5 37. Rxg7 Qe1+ 38. Kh2 $15) 37. Kh2 {[%emt 0:00:38]} Qe5+ {[%emt 0:00:14]} ({Worse is} 37... Qxd1 38. Rxg7 Qh1+ 39. Kxh1 Ke8 40. Rg8+ Rf8 41. Rxf8+ {[%mdl 64] Back Rank} Kxf8 42. Qg7+ Ke8 43. Qg8#) 38. Kh1 $19 {[%emt 0:00:50]} Qe1+ {[%emt 0:00:08]} 39. Kh2 {[%emt 0:00:10]} Qe5+ {[%emt 0:00:05]} 40. Kh1 {[%emt 0:00:45]} Qe1+ {[%emt 0:01:37]} 41. Kh2 Qe5+ 42. Kh3 Bxf5 1/2-1/2

[Event "Int SVK-ch Open 2020"]
[Site "Drienica"]
[Date "2020.08.12"]
[Round "6.10"]
[White "Malinovsky, Jozef"]
[Black "Bakalar, Jan"]
[Result "1/2-1/2"]
[WhiteElo "1698"]
[BlackElo "1896"]
[Annotator "NA"]
[PlyCount "38"]
[EventDate "2020.08.07"]
[EventType "swiss"]
[EventCountry "SVK"]
[SourceTitle "playchess.com"]
[Source "ChessBase"]
[SourceQuality "1"]
[TimeControl "40/5400+30:1800+30"]

1. c4 {[%emt 0:00:00]} c6 {[%emt 0:00:26]} 2. Nf3 {[%emt 0:00:34]} d5 {[%emt 0:00:35]} 3. e3 {[%emt 0:02:57]} Nf6 {[%emt 0:01:05]} 4. Nc3 {[%emt 0:00:10]} a6 {[%emt 0:02:24]} 5. d4 {[%emt 0:03:21]} e6 {[%emt 0:00:23]} 6. a3 {[%emt 0:00:13]} dxc4 {[%emt 0:00:27]} 7. Bxc4 {[%emt 0:00:04]} b5 {[%emt 0:00:10]} 8. Ba2 {[%emt 0:00:37]} Nbd7 {[%emt 0:01:27]} 9. O-O {[%emt 0:00:36]} Bb7 {[%emt 0:00:16]} 10. b4 {[%emt 0:00:30]} a5 {[%emt 0:02:02]} 11. Rb1 {[%emt 0:00:57]} axb4 {[%emt 0:00:34]} 12. axb4 {[%emt 0:00:03]} Nb6 {[%emt 0:07:24]} 13. Ne5 $11 {[%emt 0:00:56]} Nbd5 {[%emt 0:00:58]} 14. Nxd5 {[%emt 0:00:43]} Rxa2 {[%emt 0:01:34]} 15. Nxf6+ {[%emt 0:00:24]} gxf6 {[%emt 0:00:58]} 16. Nd3 {[%emt 0:02:34]} Rg8 {[%emt 0:02:46]} 17. Nc5 {[%emt 0:00:16]} Bc8 {[%emt 0:00:28]} 18. Qf3 {[%emt 0:03:51]} Bd7 {[%emt 0:27:40]} 19. Rd1 {[%emt 0:06:32]} f5 {[%emt 0:02:16]} 1/2-1/2